Random Country Trivia - Statistics

General Stats
  • This quiz has been taken 29 times
  • The average score is 6 of 15
Answer Stats
Hint Answer % Correct
Has more UNESCO heritage sites than any other country Italy
92%
Has the longest bridge in the world China
80%
Has more pyramids than any other country Sudan
80%
Ranks consistently as the safest country in the world Iceland
64%
Largest and most populous country with no standing military Costa Rica
52%
Home to the largest salt flat in the world Bolivia
44%
World leader for wine consumption per capita Portugal
40%
Desalinates the most water United Arab Emirates
36%
Only country in all four hemispheres Kiribati
32%
Highest soybean consumption per capita Argentina
24%
Has more hippos than any other country Zambia
24%
Gets more sleep on average than any other country The Netherlands
16%
The only country with a 16 letter name Equatorial Guinea
12%
Highest in turkey consumption per capita Israel
12%
Has the highest percentage of farmland Bangladesh
4%
No matching quizzes found
Score Distribution
Percent of People with Each Score
Percentile by Number Answered
Your Score History
You have not taken this quiz